| Tag |
First Indicator |
Second Indicator |
Subfields |
| LEADER |
00000nam a22000001i 4500 |
| 001 |
in00004753421 |
| 006 |
m|||||o||d|||||||| |
| 007 |
cr ||||||||||| |
| 008 |
170412t20142014caua ob 001 0 eng d |
| 005 |
20231120172636.6 |
| 010 |
|
|
|a 2014936368
|
| 015 |
|
|
|a GBB487588
|2 bnb
|
| 015 |
|
|
|a GBB4A0905
|2 bnb
|
| 016 |
7 |
|
|a 016830087
|2 Uk
|
| 016 |
7 |
|
|a 016869376
|2 Uk
|
| 020 |
|
|
|a 9781473909687 (ebook) :
|c No price
|
| 035 |
|
|
|a (OCoLC)1017727694
|
| 035 |
|
|
|a (CaToSAGE)SAGE000002485
|
| 040 |
|
|
|a CaToSAGE
|b eng
|c CaToSAGE
|e rda
|e pn
|d UtOrBLW
|
| 042 |
|
|
|a lccopycat
|
| 050 |
0 |
0 |
|a BF204.6
|b .L66 2014
|
| 082 |
0 |
4 |
|a 150.19/88
|2 23
|
| 100 |
1 |
|
|a Lomas, Tim,
|d 1979-
|e author.
|
| 245 |
1 |
0 |
|a Applied positive psychology :
|b integrated positive practice /
|c Tim Lomas, Kate Hefferon, Itai Ivtzan.
|
| 264 |
|
1 |
|a Los Angeles :
|b SAGE,
|c [2014]
|
| 264 |
|
4 |
|c ?2014
|
| 300 |
|
|
|a 1 online resource (224 pages) :
|b illustrations
|
| 336 |
|
|
|a text
|b txt
|2 rdacontent
|
| 337 |
|
|
|a computer
|b c
|2 rdamedia
|
| 338 |
|
|
|a online resource
|b cr
|2 rdacarrier
|
| 504 |
|
|
|a Includes bibliographical references (pages 174-215) and index.
|
| 505 |
0 |
|
|a chapter 1. Preparing for the journey -- chapter 2. The mind -- chapter 3. The body and the brain -- chapter 4. Culture and society -- chapter 5. Childhood and development -- chapter 6. Occupations and organisations -- chapter 7. Religion and spirituality -- chapter 8. Ethical and reflective practice.
|
| 588 |
|
|
|a Description based on MARC record for print version.
|
| 520 |
|
|
|a If you think you know what positive psychology is, think again! This book offers a new integrative vision for making life better that takes in the body and the brain, culture and society, childhood and development __ A must read for students.
|
| 650 |
|
0 |
|a Positive psychology.
|
| 650 |
|
7 |
|a Positive psychology.
|2 fast
|0 (OCoLC)fst01200515
|
| 650 |
|
7 |
|a Psychology, Applied.
|2 fast
|0 (OCoLC)fst01081562
|
| 655 |
|
7 |
|a Electronic books.
|2 local
|
| 700 |
1 |
|
|a Hefferon, Kate,
|e author.
|
| 700 |
1 |
|
|a Ivtzan, Itai,
|e author.
|
| 710 |
2 |
|
|a Sage Publications.
|
| 776 |
0 |
8 |
|i Print version :
|z 9781446298626
|
| 776 |
0 |
8 |
|i Print version :
|z 1446298620
|
| 776 |
0 |
8 |
|i Print version :
|z 9781446298633
|
| 776 |
0 |
8 |
|i Print version :
|z 1446298639
|
| 856 |
4 |
0 |
|u http://proxy.library.tamu.edu/login?url=https://sk.sagepub.com/books/applied-positive-psychology-integrated-positive-practice
|z Connect to the full text of this electronic book
|t 0
|
| 955 |
|
|
|a SAGE Knowledge
|
| 999 |
f |
f |
|s 1c40fe10-c1e5-43ea-931e-a12b7b3ad212
|i 1f255210-6e6a-4875-8336-d7630841bcb5
|t 0
|
| 952 |
f |
f |
|a Texas A&M University
|b College Station
|c Electronic Resources
|d Available Online
|t 0
|e BF204.6 .L66 2014
|h Library of Congress classification
|
| 998 |
f |
f |
|a BF204.6 .L66 2014
|t 0
|l Available Online
|